[Event "Novosibirsk April op"]
[Site "Novosibirsk"]
[Date "2008.04.08"]
[Round "4"]
[White "Sukhanov, Dmitry"]
[Black "Vershinin, Mikhail"]
[Result "1-0"]
[WhiteElo "2136"]
[BlackElo "2409"]
[PlyCount "55"]
[EventDate "2008.04.05"]
[EventType "swiss"]
[EventRounds "9"]
[EventCountry "RUS"]
[SourceTitle "EXT 2010"]
[Source "ChessBase"]
[SourceDate "2010.11.25"]
[SourceVersion "1"]
[SourceVersionDate "2010.11.25"]
[SourceQuality "1"]

1. e4 c6 2. d4 d5 3. e5 Bf5 4. Nf3 e6 5. Be2 Nd7 6. 0-0 c5 7. c4 Bxb1 8. Rxb1 Ne7 9. dxc5 dxc4 10. Bxc4 Nc6 11. b4 Ncxe5 12. Nxe5 Nxe5 13. Bb5+ Nc6 14. Qf3 Qc8 15. Bb2 h5 16. Rfd1 Rh7 17. Rd2 Be7 18. Rbd1 Kf8 19. Rd7 Rb8 20. a3 a5 21. Bc4 Rh6 22. b5 Nd8 23. Be5 Ra8 24. Rc7 Qb8 25. Rdd7 Bf6 26. Bd6+ Ke8 27. Rxb7 Nxb7 28. Bxb8 1-0

[Event "Novosibirsk-ch sf"]
[Site "Novosibirsk"]
[Date "2008.01.17"]
[Round "4"]
[White "Vershinin, Mikhail"]
[Black "Portal, Alexander"]
[Result "1-0"]
[WhiteElo "2409"]
[BlackElo "1862"]
[PlyCount "39"]
[EventDate "2008.01.13"]
[EventType "swiss"]
[EventRounds "9"]
[EventCountry "RUS"]
[SourceTitle "EXT 2010"]
[Source "ChessBase"]
[SourceDate "2010.11.25"]
[SourceVersion "1"]
[SourceVersionDate "2010.11.25"]
[SourceQuality "1"]

1. d4 d5 2. Nf3 Nf6 3. Nc3 e6 4. Bg5 c5 5. e4 Be7 6. dxc5 dxe4 7. Qxd8+ Bxd8 8. Bb5+ Bd7 9. Ne5 Nc6 10. Nxd7 Nxd7 11. Bxd8 Rxd8 12. Bxc6 bxc6 13. Nxe4 Rb8 14. 0-0-0 f5 15. Ng5 Nxc5 16. Rhe1 Ke7 17. Re5 Rb5 18. Rde1 Kf6 19. f4 h6 20. Rxe6+ 1-0

[Event "Novosibirsk-ch sf"]
[Site "Novosibirsk"]
[Date "2008.01.14"]
[Round "2"]
[White "Vershinin, Mikhail"]
[Black "Okladnikov, Gennady"]
[Result "0-1"]
[WhiteElo "2409"]
[BlackElo "2217"]
[PlyCount "50"]
[EventDate "2008.01.13"]
[EventType "swiss"]
[EventRounds "9"]
[EventCountry "RUS"]
[SourceTitle "EXT 2010"]
[Source "ChessBase"]
[SourceDate "2010.11.25"]
[SourceVersion "1"]
[SourceVersionDate "2010.11.25"]
[SourceQuality "1"]

1. d4 g6 2. Nf3 Bg7 3. g3 Nf6 4. Bg2 c5 5. c3 0-0 6. 0-0 d6 7. Re1 Qb6 8. b3 Bf5 9. Nbd2 d5 10. Bb2 Nc6 11. dxc5 Qxc5 12. Nd4 Bd7 13. e4 dxe4 14. Nxe4 Nxe4 15. Rxe4 Rad8 16. Qe2 e5 17. Nb5 a6 18. Na3 b5 19. g4 f5 20. gxf5 Bxf5 21. Re3 Bh6 22. c4 Bxe3 23. fxe3 b4 24. Bd5+ Rxd5 25. cxd5 bxa3 0-1

[Event "Volgograd"]
[Site "Volgograd"]
[Date "1997.??.??"]
[Round "13"]
[White "Malisauskas, Vidmantas"]
[Black "Vershinin, Mikhail"]
[Result "1/2-1/2"]
[WhiteElo "2530"]
[BlackElo "2405"]
[PlyCount "20"]
[EventDate "1997.??.??"]
[EventType "tourn"]
[EventRounds "13"]
[EventCountry "RUS"]
[EventCategory "7"]
[SourceTitle "EXT 2000"]
[Source "ChessBase"]
[SourceDate "1999.11.16"]
[SourceVersion "1"]
[SourceVersionDate "1999.11.16"]
[SourceQuality "1"]

1. e4 e6 2. d4 d5 3. exd5 exd5 4. Bd3 Bd6 5. Nf3 Nf6 6. 0-0 0-0 7. c3 c6 8. Bg5 Bg4 9. Nbd2 Nbd7 10. h3 Bh5 1/2-1/2

[Event "Volgograd"]
[Site "Volgograd"]
[Date "1997.??.??"]
[Round "9"]
[White "Rakhmangulov, Andrei"]
[Black "Vershinin, Mikhail"]
[Result "1/2-1/2"]
[WhiteElo "2420"]
[BlackElo "2405"]
[PlyCount "21"]
[EventDate "1997.??.??"]
[EventType "tourn"]
[EventRounds "13"]
[EventCountry "RUS"]
[EventCategory "7"]
[SourceTitle "EXT 2000"]
[Source "ChessBase"]
[SourceDate "1999.11.16"]
[SourceVersion "1"]
[SourceVersionDate "1999.11.16"]
[SourceQuality "1"]

1. d4 d5 2. c4 e6 3. Nc3 Nf6 4. Nf3 Be7 5. cxd5 exd5 6. Bf4 c6 7. e3 Bf5 8. Bd3 Bxd3 9. Qxd3 0-0 10. 0-0 Nbd7 11. Rab1 1/2-1/2

[Event "RUS-chT2"]
[Site "Orel"]
[Date "1997.??.??"]
[Round "?"]
[White "Vershinin, Mikhail"]
[Black "Kalugin, Sergei G"]
[Result "1/2-1/2"]
[WhiteElo "2405"]
[BlackElo "2255"]
[PlyCount "59"]
[EventDate "1997.??.??"]
[EventType "team"]
[EventRounds "10"]
[EventCountry "RUS"]
[SourceTitle "EXT 1999"]
[Source "ChessBase"]
[SourceDate "1998.11.16"]
[SourceVersion "1"]
[SourceVersionDate "1998.11.16"]
[SourceQuality "1"]

1. e4 c5 2. Nc3 Nc6 3. Nge2 Nf6 4. g3 g6 5. d4 cxd4 6. Nxd4 Bg7 7. Bg2 0-0 8. Nde2 d6 9. 0-0 Bd7 10. h3 Rc8 11. Nf4 Ne5 12. Nfd5 Nxd5 13. Nxd5 e6 14. Ne3 Qb6 15. Rb1 Qa6 16. Bd2 Rfd8 17. Bc3 b5 18. Bd4 f6 19. a3 Qa4 20. b3 Qa6 21. Bb2 f5 22. f4 Qb6 23. Re1 Nf7 24. Bxg7 Kxg7 25. Kh2 fxe4 26. Bxe4 Nh6 27. Qc1 Qd4 28. Qb2 Qxb2 29. Rxb2 Bc6 30. Bxc6 1/2-1/2

[Event "Volgograd"]
[Site "Volgograd"]
[Date "1997.??.??"]
[Round "10"]
[White "Vershinin, Mikhail"]
[Black "Panchenko, Alexander N"]
[Result "1/2-1/2"]
[WhiteElo "2405"]
[BlackElo "2425"]
[PlyCount "23"]
[EventDate "1997.??.??"]
[EventType "tourn"]
[EventRounds "13"]
[EventCountry "RUS"]
[EventCategory "7"]
[SourceTitle "EXT 2000"]
[Source "ChessBase"]
[SourceDate "1999.11.16"]
[SourceVersion "1"]
[SourceVersionDate "1999.11.16"]
[SourceQuality "1"]

1. e4 e6 2. d4 d5 3. exd5 exd5 4. Bd3 Bd6 5. Nf3 Nf6 6. 0-0 0-0 7. c3 c6 8. Bg5 Bg4 9. Nbd2 Nbd7 10. Qc2 Qc7 11. Rfe1 Rfe8 12. h3 1/2-1/2

[Event "Litomysl op"]
[Site "Litomysl"]
[Date "1995.??.??"]
[Round "3"]
[White "Moravcik, Rastislav"]
[Black "Vershinin, Mikhail"]
[Result "0-1"]
[WhiteElo "2090"]
[BlackElo "2240"]
[PlyCount "62"]
[EventDate "1995.??.??"]
[EventType "swiss"]
[EventRounds "7"]
[EventCountry "CZE"]
[SourceTitle "EXT 1998"]
[Source "ChessBase"]
[SourceDate "1997.11.17"]
[SourceVersion "1"]
[SourceVersionDate "1997.11.17"]
[SourceQuality "1"]

1. e4 c5 2. Nf3 d6 3. d4 cxd4 4. Nxd4 Nf6 5. Nc3 g6 6. Be3 Bg7 7. f3 Nc6 8. Bc4 Qb6 9. Nf5 Qxb2 10. Nxg7+ Kf8 11. Nd5 Nxd5 12. Qxd5 Qxa1+ 13. Kf2 Qxg7 14. Bh6 Be6 15. Bxg7+ Kxg7 16. Qd3 Bxc4 17. Qxc4 Rhc8 18. Qa4 a6 19. f4 b5 20. Qa3 Nd4 21. c3 Ne6 22. e5 Rc4 23. Rd1 Ra4 24. Qb2 Rxf4+ 25. Kg1 dxe5 26. Rd7 Nc5 27. Rxe7 Rd8 28. h3 Rd1+ 29. Kh2 Rff1 30. Qe2 Rde1 31. Qg4 Ne4 0-1